Política, societat i economia en una vila catalana medieval : Molins de Rei : 1190-1512 / Josep Fernández Trabal Molins de Rei :
ISBN:
84-932282-5-7
Descripción Física:
248 p. : il. ; 29 cm
MARC
| LEADER | 00000nam a2200000Ia 4500 | ||
|---|---|---|---|
| 001 | 17393 | ||
| 008 | 160829s2005 xx 000 0 cat d | ||
| 020 | |a 84-932282-5-7 | ||
| 080 | |a H-2-319 | ||
| 100 | 1 | |a Fernández i Trabal, Josep, |d 1959- |9 32623 | |
| 245 | |a Política, societat i economia en una vila catalana medieval : |b Molins de Rei : |b 1190-1512 / Josep Fernández Trabal | ||
| 260 | |a Molins de Rei : |b l'Ajuntament, |c 2005 | ||
| 300 | |a 248 p. : |b il. ; |c 29 cm | ||
| 590 | |a Índex | ||
| 650 | |a Molins de Rei |x Vida social i costums |9 23299 | ||
| 650 | |a Molins de Rei |x Història |x S.XII |9 23300 | ||
| 650 | |a Molins de Rei |x Història |x S.XIII I |9 23301 | ||
| 650 | |a Molins de Rei |x Història |x S.XIV |9 23302 | ||
| 650 | |a Molins de Rei |x Història |x S.XV |9 23303 | ||
| 650 | |a Molins de Rei |x Història |x S.XVI |9 23304 | ||
| 710 | 1 | |a Molins de Rei (Catalunya). |b Ajuntament |9 53926 | |
| 901 | |a Arxiu | ||
| 942 | |n 1 | ||
| 952 | |0 0 |1 0 |4 0 |6 H2319 |7 1 |9 42657 |a Arxiu |b Arxiu |d 2016-12-01 |l 0 |o H-2-319 |p 17393 |r 2016-12-01 00:00:00 |w 2016-12-01 |y ARXIU | ||
| 999 | |c 45163 |d 45163 | ||